000 00280nam a22001217a 4500
999 _c12331
_d12331
020 _a978-9351118053
082 _a332.1
100 _a Anand Prakash
245 _aEconomics of Money and Banking
260 _aIndia
_bRandom Publication
_c2017
300 _a292 pages.
942 _cBK